000
00259nam a22001217a 4500
008
180222b xxu||||| |||| 00| 0 eng d
041
_a
eng
080
_a
51
100
_a
38
101
_a
MAT
245
_a
MATHEMATICS OF FINANCE
_c
FRANK.A
942
_2
udc
_c
BK
999
_c
43223
_d
43223